000 00820nmc a2200289 a 4500
003 AR-BaBNM
005 20251128203815.0
008 011101s1980 ||||||||||||||000 | spa||
020 _a950-003-016-0
040 _cAR-BaBNM
100 1 _aRatto, Jorge A.
245 1 0 _aCiencias para maestros
_n2
250 _a3ª ed.
260 _aBuenos Aires
_bMarymar
_c1980
300 _ap. 213-506
_bil., gráfs., tablas
490 0 _aEl maestro en su acción cotidiana. Desarrollos curriculares
650 4 _aFORMACION PROFESIONAL
650 4 _aENSENANZA DE LA CIENCIA
650 4 _aENSENANZA DE LA BIOLOGIA
650 4 _aCIENCIAS NATURALES
650 4 _aECOLOGIA
650 4 _aACTIVIDADES DE APRENDIZAJE
653 _aEDUCACION PRIMARIA
800 1 _aRatto, Jorge A.
_edirector
942 _cBK
998 _cCarmen
999 _c5001
_d5001